[Event "TUR-ch U20"]
[Site "Samsun"]
[Date "2023.05.19"]
[Round "1"]
[White "Coskun, Emre"]
[Black "Sener, Ata Yigit"]
[Result "1-0"]
[WhiteElo "1750"]
[BlackElo "1459"]
[PlyCount "81"]
[EventDate "2023.05.19"]
[EventType "swiss"]
[EventRounds "9"]
[EventCountry "TUR"]
[SourceTitle "CBM 214 Extra"]
[Source "ChessBase"]
[SourceDate "2023.07.31"]
[SourceVersion "1"]
[SourceVersionDate "2023.07.31"]
[SourceQuality "1"]

1. e4 e6 2. d3 d5 3. Nd2 c6 4. g3 Nd7 5. Bg2 Ngf6 6. Ngf3 dxe4 7. dxe4 e5 8. 0-0 Bc5 9. b3 0-0 10. Bb2 Qc7 11. Qe2 Re8 12. h3 h6 13. Rfd1 b5 14. g4 Bb7 15. Nh4 g6 16. Ndf3 Nh7 17. c4 a6 18. Rac1 b4 19. Qd2 Ndf6 20. Ne1 Rad8 21. Nd3 Kg7 22. Qe1 Rxd3 23. Rxd3 Ng5 24. Rcd1 Ne6 25. Bc1 Qb6 26. Nf3 Nd4 27. Bb2 Nxf3+ 28. Bxf3 a5 29. Qd2 Re7 30. Kg2 Bc8 31. g5 hxg5 32. Qxg5 Qc7 33. Bc1 Ng8 34. Be3 Bxe3 35. fxe3 f6 36. Qg3 Rd7 37. Bg4 Rxd3 38. Rxd3 Ne7 39. Bxc8 Nxc8 40. Qg4 Kh6 41. Rd7 1-0

[Event "TUR-chT2"]
[Site "Konya"]
[Date "2018.07.14"]
[Round "8.15"]
[White "Sener, Ata Yigit"]
[Black "Kocu, Berat"]
[Result "0-1"]
[WhiteElo "1470"]
[BlackElo "1120"]
[PlyCount "65"]
[EventDate "2018.07.10"]
[EventType "team-swiss"]
[EventRounds "9"]
[EventCountry "TUR"]
[SourceTitle "EXT 2019"]
[Source "ChessBase"]
[SourceDate "2018.10.10"]
[SourceVersion "1"]
[SourceVersionDate "2018.10.10"]
[SourceQuality "1"]
[WhiteTeam "Burdur Belediyesi"]
[BlackTeam "Manisa Yunusembre"]
[WhiteTeamCountry "TUR"]
[BlackTeamCountry "TUR"]

1. e4 c6 2. Nc3 d5 3. d4 dxe4 4. Nxe4 Bf5 5. Ng3 Bg6 6. h4 h6 7. h5 Bh7 8. Nf3 Nd7 9. Bd3 Bxd3 10. Qxd3 Ngf6 11. Bd2 e6 12. 0-0-0 Bd6 13. Ne4 Nxe4 14. Qxe4 Nf6 15. Qe2 a5 16. Ne5 Bxe5 17. Qxe5 Qd5 18. Qxd5 Nxd5 19. Rh3 Kd7 20. c4 Nf6 21. f3 b5 22. b3 a4 23. Kb1 axb3 24. axb3 bxc4 25. bxc4 Ra4 26. c5 Rc4 27. Kb2 Rb8+ 28. Ka3 Nd5 29. Be1 Ne3 30. Rd2 Nc2+ 31. Rxc2 Rxc2 32. g4 Rc1 33. Bg3 0-1

[Event "TUR-chT2"]
[Site "Konya"]
[Date "2018.07.10"]
[Round "1.7"]
[White "Arslan, Muhammed Emin"]
[Black "Sener, Ata Yigit"]
[Result "1-0"]
[WhiteElo "1580"]
[BlackElo "1470"]
[PlyCount "63"]
[EventDate "2018.07.10"]
[EventType "team-swiss"]
[EventRounds "9"]
[EventCountry "TUR"]
[SourceTitle "EXT 2019"]
[Source "ChessBase"]
[SourceDate "2018.10.10"]
[SourceVersion "1"]
[SourceVersionDate "2018.10.10"]
[SourceQuality "1"]
[WhiteTeam "Ceylanpinar Belediyesi"]
[BlackTeam "Burdur Belediyesi"]
[WhiteTeamCountry "TUR"]
[BlackTeamCountry "TUR"]

1. c4 Nf6 2. Nc3 e6 3. g3 d5 4. cxd5 exd5 5. d4 Bf5 6. Bg2 c6 7. Nf3 Bd6 8. 0-0 Ne4 9. Nh4 Nxc3 10. bxc3 Bg6 11. Nxg6 fxg6 12. e4 dxe4 13. Qb3 Qd7 14. Re1 Kd8 15. Rxe4 Rf8 16. Bg5+ Kc7 17. Rae1 Qf7 18. Qxf7+ Rxf7 19. Re8 b6 20. Bh3 a5 21. Kg2 Ra7 22. Rc8+ Kb7 23. Ree8 Na6 24. Be6 Rc7 25. Rcd8 Ba3 26. Bc8+ Rxc8 27. Rxc8 Nc7 28. Rb8+ Ka6 29. Rec8 Bb2 30. Bd8 Nd5 31. Rxc6 Kb5 32. Rc5+ 1-0

[Event "TUR-chT2"]
[Site "Konya"]
[Date "2017.07.13"]
[Round "7.13"]
[White "Sener, Ata Yigit"]
[Black "Aydin, Bilal"]
[Result "1/2-1/2"]
[WhiteElo "1384"]
[BlackElo "1535"]
[PlyCount "72"]
[EventDate "2017.07.09"]
[EventType "team-swiss"]
[EventRounds "9"]
[EventCountry "TUR"]
[SourceTitle "CBM 179 Extra"]
[Source "ChessBase"]
[SourceDate "2017.08.23"]
[SourceVersion "1"]
[SourceVersionDate "2017.08.23"]
[SourceQuality "1"]
[WhiteTeam "Burdur Belediyesi"]
[BlackTeam "Genclik Il Mudurlugu"]
[WhiteTeamCountry "TUR"]
[BlackTeamCountry "TUR"]

1. e4 c5 2. Nc3 d6 3. f4 Nc6 4. Bb5 Bd7 5. Nf3 e6 6. 0-0 Qc7 7. Bxc6 Bxc6 8. d3 h6 9. Qe1 f6 10. f5 e5 11. Nh4 Ne7 12. Qg3 0-0-0 13. Ng6 Nxg6 14. fxg6 Qd7 15. Nd5 Bxd5 16. exd5 Be7 17. Qf3 Rhf8 18. Qf5 Kc7 19. Qxd7+ Kxd7 20. Rf5 Rc8 21. a4 a6 22. g4 Rb8 23. Bd2 Bd8 24. a5 Re8 25. Re1 b5 26. axb6 Bxb6 27. c4 Bd8 28. Bc3 Ra8 29. Kf2 a5 30. Kf3 a4 31. Ra1 Ba5 32. Bxa5 Rxa5 33. Ke4 Rb8 34. Rf2 Rb3 35. h4 Rb8 36. Ra3 Raa8 1/2-1/2

[Event "TUR-chT2"]
[Site "Konya"]
[Date "2017.07.10"]
[Round "3.19"]
[White "Akbulak, Arda"]
[Black "Sener, Ata Yigit"]
[Result "1/2-1/2"]
[WhiteElo "1542"]
[BlackElo "1384"]
[PlyCount "92"]
[EventDate "2017.07.09"]
[EventType "team-swiss"]
[EventRounds "9"]
[EventCountry "TUR"]
[SourceTitle "CBM 179 Extra"]
[Source "ChessBase"]
[SourceDate "2017.08.23"]
[SourceVersion "1"]
[SourceVersionDate "2017.08.23"]
[SourceQuality "1"]
[WhiteTeam "Cesme Yelken"]
[BlackTeam "Burdur Belediyesi"]
[WhiteTeamCountry "TUR"]
[BlackTeamCountry "TUR"]

1. e4 c5 2. Nf3 e6 3. d4 cxd4 4. Nxd4 Nf6 5. Nc3 Nc6 6. Be3 Bb4 7. f3 Bxc3+ 8. bxc3 d5 9. Nxc6 bxc6 10. e5 Nd7 11. f4 Qa5 12. Qd2 Ba6 13. Bxa6 Qxa6 14. Qd3 Qa5 15. 0-0 Nc5 16. Bxc5 Qxc5+ 17. Qd4 Qxd4+ 18. cxd4 Rb8 19. Rab1 0-0 20. Kf2 Rb6 21. Rb3 Rfb8 22. Rfb1 Kf8 23. g4 g6 24. Kg3 Ke7 25. Kh4 Rxb3 26. Rxb3 Rxb3 27. axb3 h6 28. Kg3 Kd7 29. h4 Ke7 30. h5 gxh5 31. g5 hxg5 32. fxg5 Kf8 33. Kh4 Kg7 34. Kxh5 a5 35. Kh4 Kg6 36. Kg4 Kg7 37. Kh5 Kh7 38. c3 Kg7 39. g6 fxg6+ 40. Kg5 Kf7 41. Kh6 g5 42. Kxg5 Kg7 43. Kf4 Kg6 44. Kg4 Kh6 45. Kh4 Kg6 46. Kg4 Kh6 1/2-1/2